000 00332nam a2200133Ia 4500
008 221030s9999 xx 000 0 und d
041 _aEnglish
100 _aChris H Pappas
245 4 _aThe Complete Reference Visual C++ 6
_cby Chris H Pappas, Murray, w. h
260 _c0
650 _aB
700 _aMurray, w. h
942 _cBK
999 _c14466
_d14466